01015 2200313 4500001002100000005001500021035002000036007000300056008004100059020002200100082001400122084001600136100003200152245013100184250003200315300004400347650004300391700003000434504003100464264003200495336002100527337003000548338002300578040002200601090002200623850001200645999002200657990002200679INLIS00000000088819820240702105104 a0010-0724000097ta240702s2024 yoia g 000 | eng d a978-623-02-8322-204223a420.7 a420.7 SES e3 aSesfao, MarianusePengarang10aEnhancing pastoral college students' :benglish speaking and writing proficiency /cMarianus Sesfao; penyunting, Afifah Azhaar aCetakan Pertama, April 2024 ax, 96 halaman :bgambar, tabel ;c23 cm 4aBahasa Inggris--xStudi dan pengajaran0 aAfifah AzhaarePenyunting aBibliografi: halaman 61-6431aSleman :bDeepublish,c2024 2rdacontentateks 2rdamediaatanpa perantara 2rdacarrieravolume aYOPDYOGbinderda aCB-D.11 2024-1435 aYOPDYOG aCB-D.11/2024-1435 aCB-D.11/2024-1435